000 01027cam a2200373 4500500
005 20260329005042.0
041 _afre
042 _adc
100 1 0 _ade Oliveira, Victorine
_eauthor
245 0 0 _aBruce Bégout : “Nous sommes la dernière génération à pouvoir célébrer les ruines”
260 _c2022.
500 _a75
690 _aAbandon
690 _aAmbiance
690 _aArchitecture
690 _aBruce Bégout
690 _aConfinement
690 _aEmpirisme
690 _aEngels
690 _aÉtats-Unis
690 _aExpérience
690 _aHusserl
690 _aJoy Division
690 _aLas Vegas
690 _aMasque
690 _apaysage
690 _aPhénoménologie
690 _aPunk
690 _aQuotidien
690 _aRem Koolhaas
690 _aRuine
786 0 _nPhilosophie magazine | 159 | 5 | 2022-05-01 | p. 34-37 | 1951-1787
856 4 1 _uhttps://shs.cairn.info/magazine-philosophie-magazine-2022-5-page-34?lang=fr&redirect-ssocas=7080
999 _c1839817
_d1839817